[Event "POL-chT 2nd League"]
[Site "Polanica Zdroj"]
[Date "2004.09.08"]
[Round "6"]
[White "Lupkowski, Edward"]
[Black "Sliwerski, Radoslaw"]
[Result "1-0"]
[WhiteElo "2210"]
[BlackElo "2161"]
[PlyCount "33"]
[EventDate "2004.09.04"]
[EventType "team-swiss"]
[EventRounds "11"]
[EventCountry "POL"]
[SourceTitle "CBM 102 Extra"]
[Source "ChessBase"]
[SourceDate "2004.11.03"]
[SourceVersion "1"]
[SourceVersionDate "2004.11.03"]
[SourceQuality "1"]
[WhiteTeam "Wroclaw AZS Politechnika"]
[BlackTeam "Miedzyborow Wrzos"]
[WhiteTeamCountry "POL"]
[BlackTeamCountry "POL"]

1. e4 d6 2. d4 Nf6 3. Nc3 g6 4. f3 Bg7 5. Be3 c6 6. Qd2 b5 7. Nge2 0-0 8. g4 a5 9. Ng3 b4 10. Nce2 Bb7 11. Rg1 Qc7 12. Bh6 c5 13. Nf5 Ne8 14. Bxg7 Nxg7 15. Qh6 Nxf5 16. gxf5 d5 17. Nf4 1-0

[Event "POL-chT 2nd League"]
[Site "Polanica Zdroj"]
[Date "2004.09.06"]
[Round "3"]
[White "Sroka, Janusz"]
[Black "Lupkowski, Edward"]
[Result "1-0"]
[WhiteElo "2149"]
[BlackElo "2210"]
[PlyCount "61"]
[EventDate "2004.09.04"]
[EventType "team-swiss"]
[EventRounds "11"]
[EventCountry "POL"]
[SourceTitle "CBM 102 Extra"]
[Source "ChessBase"]
[SourceDate "2004.11.03"]
[SourceVersion "1"]
[SourceVersionDate "2004.11.03"]
[SourceQuality "1"]
[WhiteTeam "Bytom Szombierki"]
[BlackTeam "Wroclaw AZS Politechnika"]
[WhiteTeamCountry "POL"]
[BlackTeamCountry "POL"]

1. e4 d6 2. d4 Nf6 3. Nc3 c6 4. f4 Qa5 5. Bd3 e5 6. Nf3 Bg4 7. Be3 Qb4 8. dxe5 dxe5 9. a3 Bxf3 10. gxf3 Qe7 11. Qe2 Nbd7 12. 0-0-0 exf4 13. Bxf4 g6 14. Bc4 Ne5 15. Bb3 Bg7 16. Be3 0-0 17. f4 Neg4 18. Bd2 Nh6 19. Qf3 Rfe8 20. Rhe1 Nh5 21. Rg1 Kh8 22. e5 Nf5 23. Ne4 a5 24. Ng5 Rf8 25. Bc3 h6 26. Ne4 Rfd8 27. e6 Nh4 28. Rxd8+ Qxd8 29. Bxg7+ Nxg7 30. Qc3 f6 31. Nxf6 1-0

[Event "Polanica Zdroj op"]
[Site "Polanica Zdroj"]
[Date "1999.08.19"]
[Round "3"]
[White "Kernazhitsky, Leonid"]
[Black "Lupkowski, Edward"]
[Result "1-0"]
[WhiteElo "2438"]
[BlackElo "2230"]
[PlyCount "67"]
[EventDate "1999.08.17"]
[EventType "swiss"]
[EventRounds "10"]
[EventCountry "POL"]
[SourceTitle "EXT 2000"]
[Source "ChessBase"]
[SourceDate "1999.11.16"]
[SourceVersion "1"]
[SourceVersionDate "1999.11.16"]
[SourceQuality "1"]

1. e4 c5 2. Nf3 d6 3. c3 Nf6 4. Be2 g6 5. 0-0 Bg7 6. Bb5+ Bd7 7. Bxd7+ Nfxd7 8. d4 0-0 9. Be3 Nc6 10. Re1 Rb8 11. Qd2 b5 12. Bh6 Qc7 13. Na3 Rb7 14. Nc2 b4 15. Bxg7 Kxg7 16. cxb4 Nxb4 17. Ne3 Nf6 18. a3 cxd4 19. Nxd4 Na6 20. b4 Qd7 21. Rad1 Rd8 22. Nef5+ Kg8 23. Qh6 Ne8 24. e5 e6 25. Nxd6 Nxd6 26. exd6 Rb6 27. Nf3 f6 28. h4 Qf7 29. h5 Rdxd6 30. Rxd6 Rxd6 31. hxg6 hxg6 32. Rc1 Rd8 33. Rc4 e5 34. Rg4 1-0

[Event "Polanica Zdroj op"]
[Site "Polanica Zdroj"]
[Date "1999.08.17"]
[Round "1"]
[White "Vysochin, Spartak"]
[Black "Lupkowski, Edward"]
[Result "1-0"]
[WhiteElo "2487"]
[BlackElo "2230"]
[PlyCount "57"]
[EventDate "1999.08.17"]
[EventType "swiss"]
[EventRounds "10"]
[EventCountry "POL"]
[SourceTitle "EXT 2000"]
[Source "ChessBase"]
[SourceDate "1999.11.16"]
[SourceVersion "1"]
[SourceVersionDate "1999.11.16"]
[SourceQuality "1"]

1. e4 d6 2. d4 Nf6 3. Nc3 c6 4. f3 g6 5. Be3 Bg7 6. Qd2 Qa5 7. Nge2 Nbd7 8. g4 h6 9. h3 b5 10. Bg2 Bb7 11. 0-0 Qc7 12. Nd1 Nb6 13. b3 a5 14. Nf2 a4 15. Rac1 h5 16. g5 Nfd7 17. f4 0-0 18. f5 Rfe8 19. Nd3 e5 20. dxe5 Nxe5 21. Nef4 Nbd7 22. Qf2 axb3 23. axb3 Qd8 24. fxg6 fxg6 25. Nxe5 Nxe5 26. Nxg6 Nxg6 27. Qf7+ Kh7 28. Rf6 Ne5 29. Rh6# 1-0

[Event "Wisla Hugart op"]
[Site "Warsaw"]
[Date "1999.??.??"]
[Round "?"]
[White "Krasowski, Slawomir"]
[Black "Lupkowski, Edward"]
[Result "0-1"]
[WhiteElo "2085"]
[BlackElo "2225"]
[PlyCount "74"]
[EventDate "1999.??.??"]
[EventType "swiss"]
[EventRounds "9"]
[EventCountry "POL"]
[SourceTitle "EXT 2003"]
[Source "ChessBase"]
[SourceDate "2002.11.25"]
[SourceVersion "1"]
[SourceVersionDate "2002.11.25"]
[SourceQuality "1"]

1. e4 c5 2. Nf3 d6 3. d4 cxd4 4. Nxd4 Nf6 5. Nc3 a6 6. Be2 e5 7. Nb3 Be7 8. Be3 0-0 9. a4 Be6 10. Nd5 Bxd5 11. exd5 Nbd7 12. a5 Re8 13. 0-0 Nf8 14. c4 Rc8 15. Nd2 N6d7 16. f3 Ng6 17. g3 Bg5 18. Bf2 f5 19. Ra3 Nf6 20. b4 Re7 21. Nb1 f4 22. Bb6 Qd7 23. Kg2 Nh5 24. Qa4 fxg3 25. hxg3 Qf5 26. Rh1 Nhf4+ 27. gxf4 Nxf4+ 28. Kf2 Nxe2 29. Kxe2 e4 30. Kf1 exf3 31. Qb3 Qe4 32. Qd1 Qxc4+ 33. Rd3 Rce8 34. Bf2 Be3 35. Qb3 Qg4 36. Rxe3 Qg2+ 37. Ke1 Rxe3+ 0-1

[Event "Wisla Hugart op"]
[Site "Warsaw"]
[Date "1999.??.??"]
[Round "?"]
[White "Lupkowski, Edward"]
[Black "Seifert, Henryk"]
[Result "1-0"]
[WhiteElo "2229"]
[BlackElo "2313"]
[PlyCount "101"]
[EventDate "1999.??.??"]
[EventType "swiss"]
[EventRounds "9"]
[EventCountry "POL"]
[SourceTitle "EXT 2003"]
[Source "ChessBase"]
[SourceDate "2002.11.25"]
[SourceVersion "1"]
[SourceVersionDate "2002.11.25"]
[SourceQuality "1"]

1. e4 e6 2. b3 d5 3. Bb2 Nf6 4. exd5 Nxd5 5. Nf3 Nd7 6. Nc3 N5f6 7. g3 b6 8. Bg2 Bb7 9. Qe2 Be7 10. 0-0-0 0-0 11. h4 a5 12. Kb1 Nc5 13. d4 Nce4 14. Nxe4 Bxe4 15. g4 Bd5 16. Bh3 a4 17. g5 Nh5 18. Bg4 Nf4 19. Qe3 Bd6 20. c4 Ng2 21. Qe2 Nf4 22. Qe3 Bb7 23. Rhg1 axb3 24. axb3 Bxf3 25. Bxf3 Ra5 26. c5 bxc5 27. Qc3 Rb5 28. dxc5 e5 29. cxd6 cxd6 30. Rg4 Qb8 31. Rxf4 Rxb3 32. Qd2 exf4 33. Qd4 Rxb2+ 34. Qxb2 Qa7 35. Rd3 Qa5 36. Ra3 Qe1+ 37. Ka2 g6 38. Qe2 Qb4 39. Qb2 Qc4+ 40. Qb3 Qf1 41. Qc2 Re8 42. h5 Qb5 43. Qa4 Qxa4 44. Rxa4 gxh5 45. Rxf4 h4 46. Bh5 Re5 47. Bxf7+ Kg7 48. Bh5 Rxg5 49. Rxh4 Rg2 50. Rg4+ Rxg4 51. Bxg4 1-0

[Event "POL-chT 53rd"]
[Site "Krynica"]
[Date "1997.10.04"]
[Round "10"]
[White "Spisak, Czeslaw"]
[Black "Lupkowski, Edward"]
[Result "1-0"]
[WhiteElo "2320"]
[BlackElo "2305"]
[PlyCount "67"]
[EventDate "1997.09.25"]
[EventType "team-tourn"]
[EventRounds "11"]
[EventCountry "POL"]
[SourceTitle "EXT 2019"]
[Source "ChessBase"]
[SourceDate "2018.10.10"]
[SourceVersion "1"]
[SourceVersionDate "2018.10.10"]
[SourceQuality "1"]
[WhiteTeam "Bielsko-Biala Wlokniarz"]
[BlackTeam "Legnica Miedz"]
[WhiteTeamCountry "POL"]
[BlackTeamCountry "POL"]

1. e4 c5 2. Nf3 g6 3. d4 Bg7 4. Nc3 Qa5 5. Be3 Nf6 6. Qd2 cxd4 7. Nxd4 Nc6 8. Nb3 Qd8 9. Bh6 0-0 10. h4 a5 11. h5 a4 12. hxg6 fxg6 13. Bxg7 Kxg7 14. Qh6+ Kh8 15. Nd2 Qe8 16. Nf3 Qf7 17. a3 Ra5 18. Qd2 Rh5 19. Rxh5 Nxh5 20. Nxa4 d6 21. Nc3 Nf4 22. Nd5 Nxd5 23. exd5 Ne5 24. Nxe5 dxe5 25. f3 e4 26. Qd4+ Kg8 27. Qxe4 Bf5 28. Qe2 Rc8 29. c4 b5 30. g4 Bd7 31. cxb5 Qxd5 32. Rd1 Qb7 33. Qe3 Rf8 34. Bc4+ 1-0

[Event "POL-chT 53rd"]
[Site "Krynica"]
[Date "1997.10.03"]
[Round "9"]
[White "Lupkowski, Edward"]
[Black "Przewoznik, Jan"]
[Result "0-1"]
[WhiteElo "2305"]
[BlackElo "2400"]
[PlyCount "82"]
[EventDate "1997.09.25"]
[EventType "team-tourn"]
[EventRounds "11"]
[EventCountry "POL"]
[SourceTitle "EXT 2019"]
[Source "ChessBase"]
[SourceDate "2018.10.10"]
[SourceVersion "1"]
[SourceVersionDate "2018.10.10"]
[SourceQuality "1"]
[WhiteTeam "Legnica Miedz"]
[BlackTeam "Gorzow Wielkopolski Stilon"]
[WhiteTeamCountry "POL"]
[BlackTeamCountry "POL"]

1. e4 e6 2. d3 d5 3. Nd2 Nf6 4. Ngf3 Nc6 5. Be2 Be7 6. 0-0 0-0 7. Re1 e5 8. Bf1 dxe4 9. dxe4 Bg4 10. c3 a5 11. h3 Bh5 12. Qb3 Qb8 13. a4 Bc5 14. g4 Bg6 15. Bg2 Qa7 16. Re2 Rad8 17. Nh4 Rd3 18. Nf5 Bxf5 19. exf5 Nd4 20. Qd1 Nxe2+ 21. Qxe2 Rfd8 22. g5 Ne8 23. Ne4 c6 24. Kh2 Qb6 25. Nxc5 Qxc5 26. Be4 Rd1 27. f6 g6 28. Be3 Qd6 29. Bc5 Qd2 30. Rxd1 Qxd1 31. Qe3 Qd2 32. Qg3 Nd6 33. Qxe5 Nxe4 34. Qxe4 Qxg5 35. Qe7 Qd5 36. Bb6 Qd6+ 37. Qxd6 Rxd6 38. Bxa5 Rxf6 39. Bb6 Rf4 40. Bd4 f5 41. Kg3 Re4 0-1

[Event "POL-chT 53rd"]
[Site "Krynica"]
[Date "1997.10.02"]
[Round "8"]
[White "Lupkowski, Edward"]
[Black "Jakubiec, Artur"]
[Result "1-0"]
[WhiteElo "2305"]
[BlackElo "2460"]
[PlyCount "83"]
[EventDate "1997.09.25"]
[EventType "team-tourn"]
[EventRounds "11"]
[EventCountry "POL"]
[SourceTitle "EXT 2019"]
[Source "ChessBase"]
[SourceDate "2018.10.10"]
[SourceVersion "1"]
[SourceVersionDate "2018.10.10"]
[SourceQuality "1"]
[WhiteTeam "Legnica Miedz"]
[BlackTeam "Niedobczyce Rymer"]
[WhiteTeamCountry "POL"]
[BlackTeamCountry "POL"]

1. e4 c5 2. Nf3 a6 3. d3 g6 4. g3 Bg7 5. Bg2 e5 6. 0-0 Ne7 7. c3 d6 8. a3 0-0 9. b4 Nbc6 10. Be3 b6 11. Qd2 Bd7 12. Bh6 f5 13. h4 f4 14. Bxg7 Kxg7 15. d4 Qc7 16. Qb2 Rf6 17. Nbd2 Nd8 18. a4 c4 19. dxe5 dxe5 20. Nxc4 Nf7 21. Ncd2 h6 22. Rfc1 g5 23. c4 Rd8 24. c5 b5 25. axb5 axb5 26. Ra3 Nc6 27. Rca1 Bg4 28. Nh2 Be6 29. Bf1 fxg3 30. Rxg3 Rd4 31. hxg5 hxg5 32. Ndf3 Rxb4 33. Qd2 Rf4 34. Nxg5 Nxg5 35. Rxg5+ Kf6 36. Rg3 Qh7 37. Ra6 Rd4 38. Qb2 Nb4 39. Rb6 Rdxe4 40. Bd3 Rc4 41. Bxc4 Rxc4 42. Ng4+ 1-0

[Event "MK Cafe Cup-A"]
[Site "Koszalin"]
[Date "1997.08.03"]
[Round "1"]
[White "Lupkowski, Edward"]
[Black "Renet, Olivier"]
[Result "1/2-1/2"]
[WhiteElo "2305"]
[BlackElo "2520"]
[PlyCount "60"]
[EventDate "1997.08.03"]
[EventType "swiss"]
[EventRounds "10"]
[EventCountry "POL"]
[SourceTitle "CBM 059 Extra"]
[Source "ChessBase"]
[SourceDate "1997.09.26"]
[SourceVersion "1"]
[SourceVersionDate "1997.09.26"]
[SourceQuality "1"]

1. e4 c5 2. Nf3 d6 3. d3 g6 4. g3 Bg7 5. Bg2 Nf6 6. 0-0 0-0 7. Re1 Nc6 8. c3 Bg4 9. h3 Bxf3 10. Bxf3 b5 11. d4 cxd4 12. cxd4 e5 13. d5 Nd4 14. Be3 Nxf3+ 15. Qxf3 Nd7 16. Qe2 f5 17. Qxb5 f4 18. Bc1 Nc5 19. Nc3 Rb8 20. Qe2 Rb7 21. Rf1 h5 22. Rb1 Rbf7 23. Bd2 Qd7 24. Kh2 Bh6 25. gxf4 Bxf4+ 26. Bxf4 Rxf4 27. f3 Kh7 28. Rbd1 a5 29. Kg2 Qe7 30. Qe1 a4 1/2-1/2

[Event "Pardubice op"]
[Site "Pardubice"]
[Date "1995.??.??"]
[Round "?"]
[White "Kragelj, Igor"]
[Black "Lupkowski, Edward"]
[Result "1/2-1/2"]
[WhiteElo "2225"]
[BlackElo "2110"]
[PlyCount "33"]
[EventDate "1995.07.??"]
[EventType "swiss"]
[EventRounds "9"]
[EventCountry "CZE"]
[SourceTitle "EXT 2010"]
[Source "ChessBase"]
[SourceDate "2010.11.25"]
[SourceVersion "1"]
[SourceVersionDate "2010.11.25"]
[SourceQuality "1"]

1. d4 Nf6 2. c4 g6 3. Nc3 Bg7 4. e4 d6 5. f3 0-0 6. Be3 Nc6 7. Nge2 a6 8. Qd2 Re8 9. h4 h5 10. 0-0-0 b5 11. Nf4 Bd7 12. d5 Ne5 13. c5 b4 14. Nb1 Bb5 15. Bxb5 axb5 16. Qxb4 Rxa2 17. Nc3 1/2-1/2

[Event "POL-ch U18"]
[Site "Brzeg Dolny"]
[Date "1995.??.??"]
[Round "1"]
[White "Lupkowski, Edward"]
[Black "Hnydiuk, Aleksander"]
[Result "0-1"]
[WhiteElo "2155"]
[BlackElo "2275"]
[PlyCount "80"]
[EventDate "1995.??.??"]
[EventType "swiss"]
[EventRounds "11"]
[EventCountry "POL"]
[SourceTitle "EXT 2001"]
[Source "ChessBase"]
[SourceDate "2000.11.22"]
[SourceVersion "1"]
[SourceVersionDate "2000.11.22"]
[SourceQuality "1"]

1. d4 f5 2. Nf3 Nf6 3. c4 g6 4. g3 Bg7 5. Bg2 0-0 6. 0-0 d6 7. Nc3 Nc6 8. d5 Ne5 9. Nd2 c5 10. f4 Neg4 11. Nf3 Ne4 12. Nxe4 fxe4 13. Ng5 Bd4+ 14. Kh1 e3 15. Qb3 Qb6 16. Nf3 Bf5 17. h3 Nf2+ 18. Kh2 Qxb3 19. axb3 Bc2 20. Ng5 a5 21. Ra3 Ra6 22. Bf3 Rb6 23. Rxa5 Rxb3 24. Ne6 Rc8 25. Kg2 h5 26. Ra7 Rb4 27. Ra3 Nd1 28. f5 gxf5 29. Bxh5 Rxc4 30. Rf4 Be4+ 31. Bf3 Bxf3+ 32. Rxf3 Rxc1 33. Rxf5 Nxb2 34. Rg5+ Kh7 35. Rh5+ Kg6 36. Rg5+ Kh6 37. Rg4 Re1 38. Rh4+ Kg6 39. Rg4+ Kf6 40. Rf4+ Ke5 0-1

[Event "POL-ch U20 op"]
[Site "Biala Podlaska"]
[Date "1994.??.??"]
[Round "7"]
[White "Lupkowski, Edward"]
[Black "Socko, Bartosz"]
[Result "0-1"]
[WhiteElo "2090"]
[BlackElo "2335"]
[PlyCount "68"]
[EventDate "1994.08.19"]
[EventType "swiss"]
[EventRounds "11"]
[EventCountry "POL"]
[SourceTitle "EXT 2001"]
[Source "ChessBase"]
[SourceDate "2000.11.22"]
[SourceVersion "1"]
[SourceVersionDate "2000.11.22"]
[SourceQuality "1"]

1. d4 Nf6 2. c4 e6 3. Nc3 Bb4 4. f3 d5 5. a3 Be7 6. c5 0-0 7. e3 c6 8. Bd3 e5 9. dxe5 Nfd7 10. f4 Nxc5 11. Bc2 f5 12. Nge2 Ne4 13. 0-0 Na6 14. Nxe4 fxe4 15. Ng3 g6 16. Bd2 Nc7 17. Qe2 Be6 18. Nh1 Qd7 19. Bd1 b5 20. g4 d4 21. exd4 Bc4 22. Qxe4 Bxf1 23. Kxf1 Rad8 24. Bb3+ Kg7 25. e6 Qd6 26. Nf2 Nd5 27. Rc1 Rf6 28. f5 gxf5 29. gxf5 Rdf8 30. Bxd5 Rxf5 31. Qg4+ Kh8 32. Be4 Rxf2+ 33. Ke1 Qxd4 34. Bc3 Rf1+ 0-1